[Event "Team junior-boys chess final"]
[Site "?"]
[Date "2015.05.01"]
[Round "1.1"]
[White "Osipov, Daniil"]
[Black "Levenshtein, Mark"]
[Result "1/2-1/2"]
[WhiteElo "1914"]
[BlackElo "2111"]
[PlyCount "200"]
[EventDate "2015.05.01"]

1. e4 c6 2. c4 d5 3. cxd5 cxd5 4. exd5 Nf6 5. Bb5+ Nbd7 6. Nc3 g6 7. Nf3 Bg7 8.
O-O O-O 9. d6 exd6 10. d4 a6 11. Bd3 b5 12. a4 b4 13. Ne4 Nxe4 14. Bxe4 Rb8 15.
Bf4 Nf6 16. Nd2 Be6 17. Bg5 Qa5 18. Bxf6 Bxf6 19. Nf3 Bd5 20. Qd3 Bxe4 21. Qxe4
Rfe8 22. Qf4 Re6 23. Rfe1 Rbe8 24. Rxe6 Rxe6 25. h4 Qd5 26. Rc1 Kg7 27. Ng5 Re7
28. Rd1 h6 29. Qf3 Qxf3 30. Nxf3 Re2 31. b3 Rc2 32. Rd3 Rc3 33. Ne1 Rc1 34. Kf1
Bxh4 35. g3 Bf6 36. Ke2 h5 37. Kd2 Rc8 38. Nc2 a5 39. Ne3 Re8 40. Nc4 Re4 41.
Nxd6 Re6 42. Nc4 Re4 43. f3 Rxd4 44. Nxa5 Rxd3+ 45. Kxd3 Kf8 46. Nc6 Ke8 47.
Nxb4 g5 48. Nd5 Bd8 49. f4 h4 50. gxh4 gxh4 51. Ke2 Kd7 52. Ne3 Kc6 53. Nc2 Kc5
54. Kf3 f5 55. Ne3 Kb4 56. Nxf5 Kxb3 57. Kg4 Bc7 58. a5 Bxa5 59. Nxh4 Bd8 60.
Nf3 Kc4 61. Kf5 Kd5 62. Kg4 Ke6 63. f5+ Kf7 64. Ne5+ Kf6 65. Nd7+ Ke7 66. Nc5
Kf7 67. Ne4 Be7 68. Kf4 Bd8 69. Nc3 Bc7+ 70. Ke4 Bd6 71. Nb5 Bh2 72. Na3 Bg3
73. Nc4 Bh2 74. Ne3 Bb8 75. Nd5 Bg3 76. Kf3 Be5 77. Kg4 Bb2 78. Ne3 Bd4 79. Nc4
Kf6 80. Nd6 Bb2 81. Ne4+ Kf7 82. Kf4 Bc1+ 83. Ke5 Bb2+ 84. Kd5 Bc1 85. Nd6+ Kf6
86. Ke4 Bb2 87. Nb5 Bc1 88. Nc3 Bb2 89. Nd1 Bc1 90. Nf2 Bb2 91. Ng4+ Kf7 92.
Ne3 Kf6 93. Nd5+ Kf7 94. Kf3 Bc1 95. Kg4 Bb2 96. Kh5 Bc1 97. Kh4 Bb2 98. Nf4
Kf6 99. Kg4 Bc1 100. Nh5+ Kf7 1/2-1/2

[Event "Team junior-boys chess final"]
[Site "?"]
[Date "2015.05.01"]
[Round "1.1"]
[White "German, Nikita"]
[Black "Shirokov, Aleksey"]
[Result "0-1"]
[WhiteElo "2013"]
[BlackElo "1839"]
[PlyCount "100"]
[EventDate "2015.05.01"]

1. e4 c5 2. Nf3 Nc6 3. Bb5 g6 4. O-O Bg7 5. c3 d6 6. Re1 Bd7 7. h3 Nf6 8. d4
O-O 9. Bf4 Nxd4 10. Nxd4 cxd4 11. Bxd7 Nxd7 12. cxd4 Qb6 13. Be3 Qxb2 14. Nd2
Nb6 15. Re2 Rac8 16. Nc4 Qb5 17. Nxb6 Qxb6 18. Rb1 Qa6 19. Reb2 Rc7 20. Rb4 b6
21. Qb3 Rfc8 22. Ra4 Qb7 23. d5 Rc2 24. Qb5 Rd8 25. Rb3 Qd7 26. Qa6 Rc7 27.
Rab4 Rdc8 28. a4 Bc3 29. Rb5 Rc4 30. f3 Bd4 31. Bxd4 Rxd4 32. Rb1 Rcc4 33. a5
Ra4 34. Rc1 Kg7 35. Rcb1 Rd2 36. R5b2 Rxb2 37. Rxb2 Rxa5 38. Qc4 Rc5 39. Qd4+
Kg8 40. Rd2 Qc7 41. Kh2 Rc4 42. Qe3 Qc5 43. Qg5 f6 44. Qg4 Rc1 45. Ra2 a5 46.
Qe6+ Kf8 47. e5 dxe5 48. Rb2 Qd4 49. Qxb6 Qf4+ 50. g3 Qxf3 0-1

[Event "Team junior-boys chess final"]
[Site "?"]
[Date "2015.05.01"]
[Round "1.1"]
[White "Porsev, Denis"]
[Black "Tsoi, Dmitry"]
[Result "1/2-1/2"]
[WhiteElo "1654"]
[BlackElo "2018"]
[PlyCount "65"]
[EventDate "2015.05.01"]

1. e4 c5 2. Nf3 d6 3. d4 Nf6 4. Nc3 cxd4 5. Nxd4 a6 6. f4 e6 7. Qf3 Be7 8. Be3
Qc7 9. Bd3 Nbd7 10. O-O O-O 11. Rae1 b5 12. a3 Bb7 13. Kh1 Rac8 14. Qh3 h6 15.
f5 e5 16. Rf3 exd4 17. Bxh6 gxh6 18. Qxh6 Ng4 19. Rg3 Nde5 20. Rf1 Bf6 21. Qxf6
Qd8 22. Qh6 f6 23. Rxg4+ Nxg4 24. Qg6+ Kh8 25. Qh5+ Kg7 26. Qg6+ Kh8 27. Qh5+
Kg7 28. Qg6+ Kh8 29. Qh5+ Kg7 30. Qg6+ Kh8 31. Qh5+ Kg7 32. Qg6+ Kh8 33. Qh5+
1/2-1/2

[Event "Team junior-boys chess final"]
[Site "?"]
[Date "2015.05.01"]
[Round "1.1"]
[White "Yeritsyan, Aram"]
[Black "Zuravlev, Mikhail"]
[Result "1-0"]
[WhiteElo "1829"]
[BlackElo "1807"]
[PlyCount "141"]
[EventDate "2015.05.01"]

1. e4 c5 2. Nf3 Nc6 3. d4 cxd4 4. Nxd4 g6 5. Nc3 Bg7 6. Be3 Nf6 7. Bc4 O-O 8.
Bb3 d6 9. f3 Bd7 10. Qd2 Rc8 11. O-O-O Ne5 12. h4 h5 13. Bg5 Nc4 14. Bxc4 Rxc4
15. Qe2 Qc7 16. Bxf6 Bxf6 17. Nd5 Qc5 18. Nxf6+ exf6 19. Nb3 Qc7 20. Qd2 Rc8
21. c3 a5 22. Qxd6 Rxc3+ 23. Kb1 Rc2 24. Qxd7 Rxb2+ 25. Ka1 Qc2 26. Qxc8+ Qxc8
27. Kxb2 a4 28. Nd4 Qc4 29. Rd2 b5 30. Rhd1 Qb4+ 31. Ka1 Qc3+ 32. Kb1 b4 33.
Rc2 Qe3 34. Rb2 Qc3 35. Nc2 b3 36. axb3 axb3 37. Nd4 Qc7 38. Nxb3 Qh2 39. Rbd2
Qxh4 40. Kc2 Qf4 41. Kd3 g5 42. Nd4 Qd6 43. Ra1 f5 44. exf5 g4 45. Rb2 gxf3 46.
gxf3 Qg3 47. Ra8+ Kg7 48. f6+ Kh7 49. Rb5 Qg6+ 50. Rf5 h4 51. Raa5 h3 52. Kc4
Kh6 53. Ra8 Kh7 54. Raa5 Kh6 55. Rf4 Qb1 56. Rh4+ Kg6 57. Rg4+ Kxf6 58. Rf5+
Ke7 59. Re4+ Kf8 60. Ne6+ Ke7 61. Nc5+ Kf8 62. Ne6+ Ke7 63. Ng5+ Kd8 64. Nxf7+
Kc7 65. Rc5+ Kb6 66. Re6+ Ka7 67. Ra5+ Kb7 68. Rb5+ Qxb5+ 69. Kxb5 Kc7 70. Re7+
Kb8 71. Kc6 1-0

[Event "Team junior-boys chess final"]
[Site "?"]
[Date "2015.05.01"]
[Round "1.2"]
[White "Bykov, Oleg"]
[Black "Poliakov, Artem"]
[Result "1-0"]
[WhiteElo "2225"]
[BlackElo "1883"]
[PlyCount "111"]
[EventDate "2015.05.01"]

1. d4 d6 2. Nf3 Nf6 3. c4 g6 4. Nc3 Bf5 5. Qb3 b6 6. h3 Bg7 7. g4 Bd7 8. e4 Nc6
9. Be3 Na5 10. Qc2 c5 11. d5 O-O 12. Bd3 e6 13. Nd2 Re8 14. g5 Nh5 15. Be2 exd5
16. cxd5 Bd4 17. Bxh5 Bxe3 18. fxe3 gxh5 19. Ne2 Kf8 20. Rg1 Bxh3 21. O-O-O Bg4
22. Rde1 b5 23. Qc3 Kg8 24. Ng3 Re5 25. Nf5 b4 26. Qc2 c4 27. Kb1 c3 28. bxc3
bxc3 29. Qxc3 Rc8 30. Qd4 Bxf5 31. exf5 Rxf5 32. Ne4 Rc4 33. Qd3 Kf8 34. Rc1
Rb4+ 35. Ka1 Qe8 36. Nf6 Qe5+ 37. Qc3 Qxc3+ 38. Rxc3 Rc4 39. Ra3 Nb7 40. Rxa7
Nd8 41. Rd7 Rc8 42. Rxd6 Rf2 43. Rb6 Rcc2 44. a4 h4 45. Rb8 Ke7 46. d6+ Ke6 47.
Ne4 Rfe2 48. Rxd8 Ra2+ 49. Kb1 Reb2+ 50. Kc1 Rc2+ 51. Kd1 Rc4 52. Re8+ Kd7 53.
Re7+ Kd8 54. Nf6 Kc8 55. d7+ Kc7 56. Re8 1-0

[Event "Team junior-boys chess final"]
[Site "?"]
[Date "2015.05.01"]
[Round "1.2"]
[White "Shastitko, Danil"]
[Black "Yarygin, Maksim"]
[Result "0-1"]
[WhiteElo "1974"]
[BlackElo "1860"]
[PlyCount "102"]
[EventDate "2015.05.01"]

1. e4 c5 2. Nf3 d6 3. d4 cxd4 4. Nxd4 Nf6 5. f3 g6 6. c4 Nc6 7. Nc3 Bg7 8. Be3
O-O 9. Be2 Bd7 10. Rc1 Rc8 11. Kf2 a6 12. g4 h5 13. gxh5 Nxh5 14. Nxc6 Bxc6 15.
Qd2 e5 16. Nd5 Qh4+ 17. Kg1 Bxd5 18. cxd5 Nf4 19. Bxf4 Qxf4 20. Rc2 Qxd2 21.
Rxd2 Bh6 22. Rd3 Rc2 23. Kf2 Rxb2 24. Rc3 Bd2 25. Rb3 Rxa2 26. Rxb7 Rc8 27.
Rhb1 Rcc2 28. Bd3 Rc3 29. R7b3 Rxb3 30. Rxb3 Bb4+ 31. Kg3 a5 32. Rb1 Kg7 33.
Bc4 Ra3 34. Rb2 Bc5 35. Ra2 Rc3 36. Bb5 Bb4 37. Ba4 Rc1 38. Bc6 Rg1+ 39. Kh3
Kh6 40. Bd7 Rg5 41. Rc2 Rh5+ 42. Kg2 Kg5 43. Rc7 f5 44. Rc4 Rh4 45. h3 fxe4 46.
fxe4 Kf4 47. Bg4 Ke3 48. Kg3 Rh8 49. Bf3 Be1+ 50. Kg2 Rf8 51. Rc2 Rxf3 0-1

[Event "Team junior-boys chess final"]
[Site "?"]
[Date "2015.05.01"]
[Round "1.2"]
[White "Sokolov, Nikita Dm"]
[Black "Brin, Ilya"]
[Result "0-1"]
[WhiteElo "1983"]
[BlackElo "1778"]
[PlyCount "136"]
[EventDate "2015.05.01"]

1. d4 Nf6 2. c4 c5 3. d5 e6 4. Nc3 exd5 5. cxd5 d6 6. Nf3 g6 7. Nd2 a6 8. a4
Nbd7 9. e4 Bg7 10. Bd3 Ne5 11. Be2 O-O 12. O-O Rb8 13. h3 g5 14. Nf3 Nxf3+ 15.
Bxf3 h6 16. Be3 b5 17. axb5 axb5 18. e5 dxe5 19. Bxc5 Re8 20. Ne4 Nxe4 21. Bxe4
f5 22. Bf3 e4 23. Bh5 Re5 24. Ra7 Bb7 25. b4 Rxd5 26. Qe2 Rd3 27. Qa2+ Qd5 28.
Qa5 g4 29. Qc7 Be5 30. Bf7+ Qxf7 31. Qxe5 Re8 32. Qf4 gxh3 33. g3 e3 34. Qxh6
exf2+ 35. Bxf2 Re6 36. Qxh3 Rg6 37. Qh4 Qd5 38. Rxb7 Qxb7 39. Re1 Qd7 40. Re7
Rd1+ 41. Kh2 Rh6 42. Qxh6 Qxe7 43. Qg6+ Qg7 44. Qh5 Qh7 45. Qxh7+ Kxh7 46. Kg2
Kg6 47. Kf3 Rc1 48. Bc5 Kf6 49. Bf8 Rc4 50. Ke3 Ke5 51. Bg7+ Kd5 52. Bf8 Rg4
53. Kf3 Kc4 54. Bd6 Kc3 55. Ke3 Rxb4 56. Bxb4+ Kxb4 57. Kf4 Kc3 58. Kxf5 b4 59.
g4 b3 60. g5 b2 61. g6 b1=Q+ 62. Kf6 Qb7 63. g7 Qd5 64. Kg6 Qg8 65. Kf6 Kd4 66.
Kg6 Ke5 67. Kh6 Kf5 68. Kh5 Qh7# 0-1

[Event "Team junior-boys chess final"]
[Site "?"]
[Date "2015.05.01"]
[Round "1.2"]
[White "Mutovin, Egor"]
[Black "Zhuravlev, Stepan"]
[Result "1/2-1/2"]
[WhiteElo "1548"]
[BlackElo "1879"]
[PlyCount "121"]
[EventDate "2015.05.01"]

1. Nf3 d5 2. d4 Nf6 3. c4 c6 4. Nc3 dxc4 5. a4 e6 6. e3 c5 7. Bxc4 Nc6 8. O-O
cxd4 9. exd4 Be7 10. d5 exd5 11. Nxd5 Nxd5 12. Qxd5 Be6 13. Qxd8+ Rxd8 14. Bxe6
fxe6 15. Bf4 Bf6 16. Rfe1 Kf7 17. Rac1 h6 18. h3 Rd7 19. Ne5+ Nxe5 20. Bxe5
Rhd8 21. Bxf6 gxf6 22. Rc2 Rd2 23. Re2 Rxe2 24. Rxe2 e5 25. Rc2 Rd7 26. g4 Ke6
27. Kg2 Rd3 28. b4 Rd4 29. Rb2 Kf7 30. a5 Kg6 31. b5 Ra4 32. b6 Rxa5 33. bxa7
Rxa7 34. Rb6 e4 35. Kg3 Ra3+ 36. Kf4 Rxh3 37. Kxe4 Rh4 38. Kf4 h5 39. f3 hxg4
40. fxg4 Rh7 41. g5 Rf7 42. Kg4 Kg7 43. gxf6+ Kg6 44. Rb5 Kxf6 45. Rf5+ Ke6 46.
Rxf7 Kxf7 47. Kf5 Ke7 48. Ke5 Kd7 49. Kd5 Kc7 50. Kc5 b6+ 51. Kb5 Kb7 52. Kb4
Kc6 53. Kc4 b5+ 54. Kb4 Kb6 55. Kb3 Ka5 56. Ka3 b4+ 57. Kb3 Kb5 58. Kb2 Kc4 59.
Kc2 b3+ 60. Kb2 Kb4 61. Kb1 1/2-1/2

[Event "Team junior-boys chess final"]
[Site "?"]
[Date "2015.05.01"]
[Round "1.3"]
[White "Burhanov, Vassily"]
[Black "Shemyakin, Valeriy"]
[Result "0-1"]
[WhiteElo "1773"]
[BlackElo "2080"]
[PlyCount "88"]
[EventDate "2015.05.01"]

1. e4 Nc6 2. d4 d5 3. e5 Bf5 4. c3 e6 5. Bd3 Nge7 6. f4 Bxd3 7. Qxd3 h5 8. Nf3
Nf5 9. Nbd2 Qd7 10. Nf1 O-O-O 11. Ne3 Nce7 12. Nxf5 Nxf5 13. Be3 Be7 14. Bf2
Rdg8 15. Ng5 Bxg5 16. fxg5 f6 17. Be3 fxe5 18. dxe5 a6 19. O-O-O Qb5 20. Rhf1
Qxd3 21. Rxd3 h4 22. Bd2 c5 23. Rdf3 Kd7 24. g4 hxg3 25. hxg3 Ke8 26. g4 Ne7
27. Be3 b6 28. b4 d4 29. cxd4 cxb4 30. Kb2 Rf8 31. Rxf8+ Rxf8 32. Rxf8+ Kxf8
33. Kb3 Nd5 34. Bd2 a5 35. a3 bxa3 36. Kxa3 g6 37. Ka4 Ke7 38. Kb5 Kd7 39. Bc1
Kc7 40. Ba3 Kb7 41. Bd6 Nc7+ 42. Kc4 Kc6 43. Kc3 Nb5+ 44. Kc4 Nxd6+ 0-1

[Event "Team junior-boys chess final"]
[Site "?"]
[Date "2015.05.01"]
[Round "1.3"]
[White "Neznanov, Aleksandr"]
[Black "Ivanov, Pavel P"]
[Result "1-0"]
[WhiteElo "1958"]
[BlackElo "1723"]
[PlyCount "89"]
[EventDate "2015.05.01"]

1. c4 Nf6 2. Nc3 e5 3. g3 d5 4. cxd5 Nxd5 5. Bg2 Nb6 6. Nf3 Nc6 7. O-O Be7 8.
d3 Be6 9. Bd2 O-O 10. Rc1 Qd7 11. Re1 f6 12. Ne4 Rad8 13. Nc5 Bxc5 14. Rxc5 Kh8
15. Qc2 Nd5 16. a3 a6 17. b4 Rf7 18. Rc1 Rc8 19. Qb2 Na7 20. e4 Nb6 21. Qc2 Nb5
22. a4 Nd4 23. Nxd4 Qxd4 24. a5 Na8 25. Be3 Qd7 26. Rd1 c6 27. d4 exd4 28. Rxd4
Qe8 29. e5 Bf5 30. Qxf5 fxe5 31. Qxe5 Re7 32. Qf4 Nc7 33. Re4 Rxe4 34. Qxe4 Qd7
35. Qd4 Qf7 36. Re5 Nb5 37. Qf4 Qa2 38. Re7 Rg8 39. Qf7 Qb1+ 40. Bf1 Nd6 41.
Qe6 Qxb4 42. Bf4 Nf5 43. Re8 Rf8 44. Bd6 Qxd6 45. Qxd6 1-0

[Event "Team junior-boys chess final"]
[Site "?"]
[Date "2015.05.01"]
[Round "1.3"]
[White "Kozhukhov, Aleksandr"]
[Black "Poznyak, Nazar"]
[Result "1/2-1/2"]
[WhiteElo "1616"]
[BlackElo "1932"]
[PlyCount "85"]
[EventDate "2015.05.01"]

1. d4 Nf6 2. Nf3 c5 3. c4 cxd4 4. Nxd4 b6 5. Nc3 Bb7 6. f3 e6 7. e4 d6 8. Bg5
a6 9. Be2 Be7 10. O-O Nbd7 11. Qc2 O-O 12. Rad1 Rc8 13. f4 Qc7 14. f5 e5 15.
Nb3 Rfe8 16. Qd3 Rcd8 17. Bxf6 Bxf6 18. Qxd6 Qc8 19. Nd5 Bxd5 20. cxd5 Qc2 21.
Bd3 Qxb2 22. Rd2 Qc3 23. Rc1 Be7 24. Qc6 Qb4 25. Rc4 Qd6 26. Rdc2 Nc5 27. Nxc5
Qxc6 28. dxc6 Bxc5+ 29. Rxc5 bxc5 30. Bxa6 Re7 31. Rxc5 Rc7 32. h3 Kf8 33. Bb7
f6 34. Rd5 Rb8 35. a4 Rbxb7 36. cxb7 Rxb7 37. a5 Ke7 38. Kf2 Rb2+ 39. Kf3 Rb3+
40. Kf2 Rb2+ 41. Kf3 Rb3+ 42. Kf2 Rb2+ 43. Kf3 1/2-1/2

[Event "Team junior-boys chess final"]
[Site "?"]
[Date "2015.05.01"]
[Round "1.3"]
[White "Danilchenko, Dmitrij"]
[Black "Dudin, Gleb"]
[Result "0-1"]
[WhiteElo "1960"]
[BlackElo "1711"]
[PlyCount "88"]
[EventDate "2015.05.01"]

1. d4 d5 2. c4 e6 3. Nc3 Nf6 4. cxd5 exd5 5. Bg5 c6 6. e3 Be7 7. Bd3 Nbd7 8.
Nge2 O-O 9. O-O Re8 10. f3 Nf8 11. Qc2 Ng6 12. e4 dxe4 13. fxe4 Be6 14. e5 Nd5
15. Bxe7 Qxe7 16. Qd2 c5 17. Bxg6 hxg6 18. Ne4 cxd4 19. Nxd4 Qb4 20. Qd3 Nb6
21. Nd6 Bc4 22. Qe3 Bxf1 23. Nxe8 Bxg2 24. Nd6 Qxb2 25. Re1 Bd5 26. Re2 Qb1+
27. Re1 Qxa2 28. Re2 Nc4 29. Qf2 Qb1+ 30. Re1 Qd3 31. Nxc4 Qxc4 32. Qf4 Be6 33.
Re4 Qd5 34. Re3 Rd8 35. Nxe6 Qxe6 36. Qh4 Rd1+ 37. Kf2 Qf5+ 38. Kg2 Qf1+ 39.
Kg3 Qg1+ 40. Kf3 g5 41. Qa4 Qf1+ 42. Kg3 Qg1+ 43. Kf3 Rf1+ 44. Ke2 Re1+ 0-1

[Event "Team junior-boys chess final"]
[Site "?"]
[Date "2015.05.01"]
[Round "1.4"]
[White "Privorotsky, Oleg"]
[Black "Plaksin, Igor"]
[Result "1-0"]
[WhiteElo "1924"]
[BlackElo "1467"]
[PlyCount "53"]
[EventDate "2015.05.01"]

1. e4 e5 2. Nf3 Nc6 3. Bb5 a6 4. Ba4 Nf6 5. O-O Be7 6. Re1 b5 7. Bb3 d6 8. c3
O-O 9. d3 Na5 10. Bc2 c5 11. Nbd2 Nc6 12. Nf1 Re8 13. Ng3 Qc7 14. h3 d5 15.
exd5 Nxd5 16. Qe2 Bf8 17. Bb3 Be6 18. Ng5 Nf4 19. Bxf4 Bxb3 20. Be3 Bd5 21. Qh5
h6 22. N5e4 c4 23. Bxh6 cxd3 24. Nf6+ gxf6 25. Bxf8 Rxf8 26. Qg4+ Kh7 27. Nf5
1-0

[Event "Team junior-boys chess final"]
[Site "?"]
[Date "2015.05.01"]
[Round "1.4"]
[White "Sinyaev, Nil"]
[Black "Bogolepov, Grigory"]
[Result "1/2-1/2"]
[WhiteElo "1653"]
[BlackElo "1944"]
[PlyCount "120"]
[EventDate "2015.05.01"]

1. e4 c5 2. Nf3 Nc6 3. d4 cxd4 4. Nxd4 e6 5. Nc3 Qc7 6. Ndb5 Qb8 7. Bd3 a6 8.
Na3 b5 9. Ne2 Nf6 10. O-O Bd6 11. h3 Be7 12. c4 b4 13. Nc2 O-O 14. b3 Bb7 15.
Bb2 Ne5 16. Ng3 h5 17. f4 Bc5+ 18. Kh2 Nxd3 19. Qxd3 Qd8 20. Bxf6 Qxf6 21. Nxh5
Qh6 22. Ng3 Rfd8 23. Ne3 d5 24. exd5 Bxe3 25. Qxe3 exd5 26. Nf5 Qe6 27. Ne7+
Kh7 28. Qxe6 fxe6 29. cxd5 exd5 30. Rad1 d4 31. Nf5 d3 32. Rf2 Rac8 33. Rfd2
Rc2 34. Ne3 Rxd2 35. Rxd2 Be4 36. Nd1 Re8 37. Nf2 Bf5 38. Rd1 Rc8 39. Nxd3 Rd8
40. Nb2 Rxd1 41. Nxd1 Bb1 42. Kg1 Bxa2 43. Kf2 Bxb3 44. Ke1 a5 45. Kd2 a4 46.
Ne3 a3 47. Kc1 a2 48. Kb2 Bf7 49. g4 b3 50. h4 Kg6 51. Nf1 Kf6 52. h5 Ke6 53.
Ng3 Kd5 54. g5 Kd4 55. h6 gxh6 56. gxh6 Bg8 57. Ne2+ Ke4 58. Nc1 Kxf4 59. Nxb3
Kg5 60. Kxa2 Bxb3+ 1/2-1/2

[Event "Team junior-boys chess final"]
[Site "?"]
[Date "2015.05.01"]
[Round "1.4"]
[White "Skatchkov, Valery"]
[Black "Ivanov, Ilya"]
[Result "1-0"]
[WhiteElo "1846"]
[BlackElo "1537"]
[PlyCount "83"]
[EventDate "2015.05.01"]

1. d4 e6 2. g3 b6 3. Bg2 Nc6 4. c4 Bb7 5. Nf3 f5 6. O-O Nf6 7. Nc3 Bb4 8. d5
Na5 9. dxe6 Bxc3 10. exd7+ Qxd7 11. bxc3 Nxc4 12. Bf4 O-O-O 13. Qb3 Bd5 14.
Rad1 Ne3 15. Bxe3 Bxb3 16. Rxd7 Rxd7 17. axb3 Ne4 18. Ne5 Rd5 19. Nc6 Kb7 20.
Ne7 Re5 21. Nxf5 g6 22. Bd4 gxf5 23. Bxe5 Re8 24. f4 c6 25. Bxe4 fxe4 26. Rd1
Kc8 27. Rd6 c5 28. Rc6+ Kb7 29. Rc7+ Ka6 30. Rxh7 Re6 31. g4 b5 32. g5 Kb6 33.
Rh6 Rc6 34. Rxc6+ Kxc6 35. g6 a5 36. g7 a4 37. g8=Q a3 38. Qc8+ Kb6 39. Bd6 a2
40. Kg2 a1=Q 41. Bxc5+ Ka5 42. Qa8# 1-0

[Event "Team junior-boys chess final"]
[Site "?"]
[Date "2015.05.01"]
[Round "1.4"]
[White "Tishkin, Boris"]
[Black "Suvorov, Aleksandr"]
[Result "0-1"]
[WhiteElo "1529"]
[BlackElo "1809"]
[PlyCount "120"]
[EventDate "2015.05.01"]

1. d4 d5 2. Bf4 Nf6 3. c4 c5 4. dxc5 e6 5. Nc3 Bxc5 6. e3 O-O 7. Nf3 Qa5 8. a3
Ne4 9. b4 Nxc3 10. Qb3 Bxb4 11. Qxb4 Qxb4 12. axb4 dxc4 13. Bxc4 Bd7 14. Rc1
Nd5 15. Bxd5 exd5 16. O-O Na6 17. Nd4 Rfc8 18. Bd6 b6 19. h3 f6 20. h4 Kf7 21.
Rfe1 g6 22. Rxc8 Bxc8 23. Ra1 Bb7 24. Rc1 Rd8 25. Bc7 Rd7 26. Nb5 Nxc7 27. Nxc7
a6 28. b5 a5 29. Na6 Bxa6 30. bxa6 Ra7 31. Kf1 Ke7 32. Rc6 Rxa6 33. Rc7+ Kd6
34. Rxh7 a4 35. Rh8 a3 36. Rd8+ Kc7 37. Rxd5 a2 38. Rd1 a1=Q 39. Rxa1 Rxa1+ 40.
Ke2 Rc1 41. g4 b5 42. h5 gxh5 43. gxh5 Rh1 44. Kd3 Rxh5 45. f4 Rc5 46. Kd4 Kd6
47. e4 Rc4+ 48. Kd3 Kc5 49. e5 fxe5 50. fxe5 Kd5 51. Ke3 Kxe5 52. Kd3 Kd5 53.
Ke3 b4 54. Kd3 b3 55. Ke3 b2 56. Kd3 b1=Q+ 57. Ke3 Rb4 58. Kd2 Qb3 59. Kc1 Qc3+
60. Kd1 Rb2 0-1

[Event "Team junior-boys chess final"]
[Site "?"]
[Date "2015.05.02"]
[Round "2.1"]
[White "Shemyakin, Valeriy"]
[Black "Bykov, Oleg"]
[Result "1/2-1/2"]
[WhiteElo "2080"]
[BlackElo "2225"]
[PlyCount "132"]
[EventDate "2015.05.01"]

1. d4 Nf6 2. c4 g6 3. Nc3 Bg7 4. e4 d6 5. f3 O-O 6. Be3 e5 7. Nge2 Nc6 8. Qd2
Re8 9. O-O-O a6 10. Kb1 Rb8 11. d5 Na5 12. Nc1 b6 13. Be2 Bd7 14. g4 b5 15.
cxb5 axb5 16. Nxb5 Bxb5 17. Qxa5 Qd7 18. Bxb5 Rxb5 19. Qa3 Reb8 20. Nb3 Bf8 21.
Rc1 Qc8 22. Qa4 Ne8 23. Rc6 Kh8 24. Qa6 Qxa6 25. Rxa6 f5 26. gxf5 gxf5 27. Ra4
fxe4 28. fxe4 Rb4 29. Rxb4 Rxb4 30. Rf1 Bg7 31. Nd2 Nf6 32. Rc1 Nxe4 33. Rxc7
Kg8 34. Nc4 Nc3+ 35. Kc2 Nxd5 36. Rc8+ Kf7 37. Nxd6+ Ke6 38. Bc5 Rh4 39. Rg8
Rxh2+ 40. Kb3 Bf6 41. a4 e4 42. Nxe4 Rxb2+ 43. Kc4 Ra2 44. Re8+ Be7 45. Bxe7
Rxa4+ 46. Bb4+ Kd7 47. Rh8 Rxb4+ 48. Kxd5 Rb5+ 49. Nc5+ Ke7 50. Rxh7+ Kf6 51.
Rh1 Kf5 52. Rf1+ Kg4 53. Kd4 Ra5 54. Nd3 Ra4+ 55. Ke3 Ra3 56. Rf6 Kg5 57. Rd6
Kf5 58. Rd5+ Ke6 59. Rb5 Kd6 60. Kd4 Ra4+ 61. Nb4 Ra1 62. Rb6+ Kd7 63. Nd3 Ra4+
64. Kd5 Ra5+ 65. Nc5+ Ke7 66. Re6+ Kf7 1/2-1/2

[Event "Team junior-boys chess final"]
[Site "?"]
[Date "2015.05.02"]
[Round "2.1"]
[White "Yarygin, Maksim"]
[Black "Neznanov, Aleksandr"]
[Result "1/2-1/2"]
[WhiteElo "1860"]
[BlackElo "1958"]
[PlyCount "93"]
[EventDate "2015.05.01"]

1. e4 c5 2. Nc3 Nc6 3. g3 g6 4. d3 Bg7 5. Be3 d6 6. Bg2 e6 7. f4 Nge7 8. Nf3
Nd4 9. O-O O-O 10. Rb1 Rb8 11. Ne2 Nxf3+ 12. Bxf3 b5 13. a3 a5 14. c3 b4 15. d4
Qc7 16. Qd2 bxa3 17. bxa3 Ba6 18. g4 f5 19. gxf5 gxf5 20. e5 cxd4 21. cxd4 d5
22. Rfc1 Bc4 23. Nc3 Qd7 24. Bd1 Ng6 25. Na4 Qc7 26. Nc5 Qc6 27. Ba4 Bb5 28.
Bxb5 Rxb5 29. Rxb5 Qxb5 30. Nxe6 Rb8 31. Nc7 Qb3 32. Qc3 Ne7 33. Kf2 a4 34. Na6
Qxc3 35. Rxc3 Rb2+ 36. Kf3 Rxh2 37. Nc5 h5 38. Ne6 Kf7 39. Ng5+ Ke8 40. Rc7 Ra2
41. Ra7 Rxa3 42. Ra8+ Kd7 43. Ra7+ Ke8 44. Ra8+ Kd7 45. Ra7+ Ke8 46. Ra8+ Kd7
47. Ra7+ 1/2-1/2

[Event "Team junior-boys chess final"]
[Site "?"]
[Date "2015.05.02"]
[Round "2.1"]
[White "Poznyak, Nazar"]
[Black "Sokolov, Nikita Dm"]
[Result "1/2-1/2"]
[WhiteElo "1932"]
[BlackElo "1983"]
[PlyCount "81"]
[EventDate "2015.05.01"]

1. e4 c5 2. Nf3 d6 3. d4 cxd4 4. Nxd4 Nf6 5. f3 e5 6. Nb3 Be6 7. c4 Nbd7 8. Be3
Rc8 9. N3d2 Qa5 10. Nc3 Nb6 11. Qb3 Nfd7 12. Rc1 Be7 13. Be2 O-O 14. O-O Rc6
15. Nd5 Bxd5 16. cxd5 Rcc8 17. Nc4 Nxc4 18. Rxc4 Rxc4 19. Qxc4 Bd8 20. Qb5 Qxb5
21. Bxb5 Bb6 22. Bxd7 Bxe3+ 23. Kh1 Rd8 24. Bh3 a5 25. Re1 Bc5 26. Rc1 b5 27.
g3 Kf8 28. Bf1 b4 29. b3 Ke7 30. Bb5 Rb8 31. Bc6 Rf8 32. Kg2 g6 33. Rd1 f6 34.
Rc1 Rb8 35. Rd1 Bd4 36. Rc1 Bc5 37. Rd1 Rh8 38. Rc1 Rg8 39. Rd1 Rc8 40. Rc1 Bd4
41. Rc2 1/2-1/2

[Event "Team junior-boys chess final"]
[Site "?"]
[Date "2015.05.02"]
[Round "2.1"]
[White "Zhuravlev, Stepan"]
[Black "Koren, Vladimir"]
[Result "1/2-1/2"]
[WhiteElo "1879"]
[BlackElo "1872"]
[PlyCount "135"]
[EventDate "2015.05.01"]

1. d4 d5 2. c4 e6 3. Nc3 Nf6 4. cxd5 exd5 5. Bg5 Be7 6. e3 O-O 7. Bd3 c6 8. Qc2
Nbd7 9. Nf3 Re8 10. O-O Nf8 11. h3 Ne4 12. Bf4 Nxc3 13. bxc3 Be6 14. c4 Bd6 15.
Bxd6 Qxd6 16. Rab1 b6 17. c5 bxc5 18. dxc5 Qc7 19. Nd4 g6 20. Rb4 Rab8 21. Rfb1
Nd7 22. a3 Rxb4 23. axb4 Rb8 24. Qa4 Ne5 25. Be2 g5 26. Rf1 Bd7 27. Ra1 Qb7 28.
Rb1 Qc7 29. Ba6 g4 30. Be2 gxh3 31. g3 Kh8 32. f4 Ng6 33. Ra1 Ra8 34. Kf2 Ne7
35. Bd3 Qc8 36. Qc2 Qg8 37. Rh1 Qg4 38. Be2 Qg7 39. Qd1 Rg8 40. g4 Bxg4 41.
Bxg4 Qxg4 42. Qxg4 Rxg4 43. Rxh3 a6 44. Rh6 Rg6 45. Rh1 Rg8 46. f5 f6 47. Ra1
Ra8 48. Kf3 Kg7 49. Kf4 Kf7 50. Rh1 Rh8 51. Ra1 Ra8 52. Rh1 Rh8 53. Ne6 h5 54.
Nc7 h4 55. Nxa6 Rh5 56. e4 dxe4 57. Kxe4 Nxf5 58. Rh3 Ne7 59. Kf3 f5 60. Nc7
Ng6 61. b5 cxb5 62. Nxb5 f4 63. Nd6+ Ke6 64. Ne4 Ke5 65. Rh1 h3 66. Nf2 Kf5 67.
Rxh3 Ne5+ 68. Ke2 1/2-1/2

[Event "Team junior-boys chess final"]
[Site "?"]
[Date "2015.05.02"]
[Round "2.2"]
[White "Levenshtein, Mark"]
[Black "Privorotsky, Oleg"]
[Result "0-1"]
[WhiteElo "2111"]
[BlackElo "1924"]
[PlyCount "78"]
[EventDate "2015.05.01"]

1. Nf3 d5 2. g3 Nf6 3. d3 Bg4 4. Bg2 c6 5. O-O Nbd7 6. Qe1 e6 7. e4 dxe4 8.
dxe4 Be7 9. b3 O-O 10. Bb2 Qc7 11. Nbd2 Rad8 12. a4 Bb4 13. c3 Be7 14. b4 a5
15. Nc4 Bxf3 16. Bxf3 Ne5 17. Nxe5 Qxe5 18. Qe2 Qg5 19. Bc1 Qe5 20. Bb2 Qc7 21.
b5 Nd7 22. c4 Nc5 23. Qc2 Nd3 24. Rfd1 Nxb2 25. Qxb2 Bf6 26. b6 Qb8 27. Qa3
Bxa1 28. Rxa1 Qd6 29. Qe3 Qd4 30. Qxd4 Rxd4 31. Rc1 Rfd8 32. e5 Kf8 33. Kg2 Rd2
34. c5 Ra2 35. Rc4 Rdd2 36. Kg1 Rxf2 37. Bxc6 bxc6 38. Rb4 Rfb2 39. Rb5 Ra1#
0-1

[Event "Team junior-boys chess final"]
[Site "?"]
[Date "2015.05.02"]
[Round "2.2"]
[White "Bogolepov, Grigory"]
[Black "German, Nikita"]
[Result "0-1"]
[WhiteElo "1944"]
[BlackElo "2013"]
[PlyCount "72"]
[EventDate "2015.05.01"]

1. d4 f5 2. Nf3 Nf6 3. g3 g6 4. Bg2 Bg7 5. O-O O-O 6. b3 d6 7. Bb2 Qe8 8. Re1
h6 9. c4 g5 10. Nfd2 e5 11. e4 f4 12. f3 h5 13. gxf4 gxf4 14. d5 Nbd7 15. Kf2
Nc5 16. Ke2 a5 17. Na3 c6 18. Rg1 Qf7 19. Rc1 Kh8 20. Nc2 h4 21. Ne1 Qh5 22.
Kf1 h3 23. Bh1 cxd5 24. exd5 Bf5 25. Qe2 Rae8 26. a3 b5 27. b4 axb4 28. axb4
Na4 29. Ba1 Rc8 30. Ne4 Nxd5 31. Nxd6 Ne3+ 32. Qxe3 fxe3 33. Nxc8 Rxc8 34. c5
Qh4 35. Rg3 Qxb4 36. c6 Qd2 0-1

[Event "Team junior-boys chess final"]
[Site "?"]
[Date "2015.05.02"]
[Round "2.2"]
[White "Tsoi, Dmitry"]
[Black "Skatchkov, Valery"]
[Result "1-0"]
[WhiteElo "2018"]
[BlackElo "1846"]
[PlyCount "59"]
[EventDate "2015.05.01"]

1. e4 e5 2. Nf3 Nf6 3. Nxe5 d6 4. Nf3 Nxe4 5. Nc3 Nxc3 6. dxc3 Be7 7. Be3 O-O
8. Qd2 Nc6 9. Bd3 Ne5 10. O-O-O c6 11. h4 Qa5 12. a3 Qd5 13. Nxe5 Qa2 14. Bxh7+
Kxh7 15. Qd3+ Kg8 16. Nf3 Bf6 17. Bg5 Be5 18. h5 f6 19. Be3 f5 20. h6 Be6 21.
hxg7 Bxg7 22. Nd2 Qa1+ 23. Nb1 Ba2 24. Bd4 Rf7 25. Qh3 Kf8 26. Rde1 Bxd4 27.
cxd4 Rg7 28. Qh8+ Bg8 29. Rh5 Rf7 30. Qh6+ 1-0